Music Quiz

Random Music or Billboard Quiz
Score 0/115 Timer 12:00
0 Plays Today
Weeks Artist % Correct
8 weeks (May - Jun 1995)Céline Dion
91.7%
4 weeks (Jul 1995)Céline Dion
91.7%
7 weeks (Oct - Nov 1995)Céline Dion
91.7%
13 weeks (Feb - May 1998)Céline Dion
91.7%
7 weeks (Feb - Apr 1992)George Michael & Elton John
86.8%
2 weeks (Jan - Feb 1992)Michael Jackson
85.1%
1 week (Jul 1995)Scatman John
85.1%
1 week (Sep 1995)Scatman John
85.1%
2 weeks (Sep - Oct 1995)Michael Jackson
85.1%
3 weeks (May - Jun 1990)Elton John
84.8%
10 weeks (Dec 1994 - Feb 1995)Elton John
84.8%
6 weeks (Sep - Oct 1997)Elton John
84.8%
2 weeks (Apr - May 1999)Britney Spears
83.1%
8 weeks (Jan - Mar 1993)Whitney Houston
80.8%
3 weeks (Sep - Oct 1996)Spice Girls
79.1%
12 weeks (Dec 1995 - Feb 1996)Coolio feat. L.V.
76.8%
1 week (Mar 1996)Coolio feat. L.V.
76.8%
3 weeks (Aug - Sep 1997)Will Smith
76.8%
4 weeks (Jun - Jul 1992)Nirvana
76.5%
1 week (Nov 1997)Aqua
75.5%
15 weeks (Oct 1992 - Jan 1993)Jordy
73.8%
5 weeks (Mar - Apr 1993)Jordy
73.8%
5 weeks (Mar - Apr 1994)IAM
72.5%
2 weeks (May 1994)IAM
72.5%
1 week (Jun 1994)IAM
72.5%
4 weeks (Jan - Feb 1997)Madonna
72.2%
9 weeks (Apr - Jun 1991)Mylène Farmer
71.9%
1 week (Sep 1995)Mylène Farmer
71.9%
1 week (Feb 1994)Alain Souchon
71.5%
9 weeks (Mar - Apr 1995)The Cranberries
71.5%
6 weeks (Dec 1991 - Jan 1992)Patrick Bruel
70.9%
1 week (Feb 1992)Patrick Bruel
70.9%
12 weeks (Jun - Sep 1998)Manau
70.9%
1 week (Jan 1999)Manau
70.9%
1 week (Oct 1997)Florent Pagny
69.2%
8 weeks (Nov - Dec 1997)Florent Pagny
69.2%
20 weeks (Aug 1999 - Jan 2000)Lou Bega
68.9%
1 week (Oct 1996)Khaled
68.5%
18 weeks (Sep 1998 - Jan 1999)Daniel Lavoie & Patrick Fiori & Garou
68.2%
Weeks Artist % Correct
1 week (Jun 1990)Lagaf'
67.2%
1 week (Jul 1991)Lagaf'
67.2%
10 weeks (Aug - Oct 1991)Lagaf'
67.2%
5 weeks (Jan 1998)Andrea Bocelli & Hélène Ségara
66.9%
1 week (Jan 1999)Cher
66.2%
3 weeks (Jun - Jul 1991)Les Inconnus
65.9%
1 week (Jul 1991)Les Inconnus
65.9%
3 weeks (Apr 1994)Bruce Springsteen
65.2%
1 week (May 1994)Bruce Springsteen
65.2%
1 week (Jun 1994)Bruce Springsteen
65.2%
3 weeks (Jul 1999)Zebda
64.2%
1 week (Feb 1996)Ophélie Winter
63.9%
8 weeks (Oct - Nov 1991)Bryan Adams
62.3%
1 week (Jan 1994)Bryan Adams
62.3%
1 week (Jan 1994)Bryan Adams
62.3%
5 weeks (Aug - Sep 1996)Fugees
61.9%
1 week (Mar 1997)Andrea Bocelli
61.9%
3 weeks (Mar - Apr 1997)Andrea Bocelli
61.9%
9 weeks (Apr - Jun 1997)Ricky Martin
61.3%
6 weeks (May - Jun 1998)Ricky Martin
61.3%
12 weeks (Jan - Apr 1999)Larusso
60.3%
7 weeks (Mar - Apr 1991)Scorpions
59.9%
3 weeks (Jan 1990)Roch Voisine
58.9%
2 weeks (Jan - Mar 1990)Roch Voisine
58.9%
4 weeks (Jun - Jul 1996)Los del Rio
57.9%
3 weeks (Aug 1996)Los del Rio
57.9%
3 weeks (Aug 1999)Eiffel 65
57.3%
4 weeks (Jan - Feb 1990)François Feldman
56.3%
2 weeks (Mar 1990)François Feldman
56.3%
3 weeks (Dec 1990 - Jan 1991)François Feldman
56.3%
8 weeks (Apr - Jun 1992)François Feldman
56.3%
16 weeks (Aug - Nov 1994)Youssou N'Dour & Neneh Cherry
56%
13 weeks (Oct 1996 - Jan 1997)Gala
55.6%
1 week (Feb 1997)Gala
55.6%
1 week (Mar 1997)Gala
55.6%
1 week (Jul 1999)David Hallyday
55.3%
7 weeks (Nov - Dec 1990)Mecano
49.7%
5 weeks (Jul - Aug 1993)Haddaway
48.7%
1 week (Mar 1996)Boris
47.7%
Weeks Artist % Correct
2 weeks (Oct 1990)Félix Gray & Didier Barbelivien
46%
2 weeks (Jan 1991)Félix Gray & Didier Barbelivien
46%
3 weeks (Oct - Nov 1990)UB 40
41.7%
7 weeks (Jun - Aug 1990)Zouk Machine
41.4%
2 weeks (Sep 1990)Zouk Machine
41.4%
7 weeks (Jul - Aug 1992)Pow Wow
40.4%
3 weeks (Jun - Jul 1994)Jimmy Cliff
38.7%
4 weeks (May 1993)2 Unlimited
37.7%
1 week (Jul 1993)2 Unlimited
37.7%
3 weeks (Aug - Sep 1993)Les G.O. Cul-Ture
35.1%
1 week (Sep 1993)Les G.O. Cul-Ture
35.1%
1 week (Feb 1994)Ace of Base
33.1%
3 weeks (Feb - Mar 1994)Ace of Base
33.1%
6 weeks (Sep - Oct 1992)Snap!
31.5%
10 weeks (Jun - Aug 1997)Wes
31.1%
1 week (Sep 1993)Regg'Lyss
30.5%
1 week (Oct 1993)Regg'Lyss
30.5%
11 weeks (Mar - Jun 1996)Robert Miles
29.5%
9 weeks (May - Jul 1999)Moos
26.8%
3 weeks (Oct 1993)Freddie Mercury
26.2%
11 weeks (Oct 1993 - Jan 1994)Freddie Mercury
26.2%
1 week (Jan 1994)Freddie Mercury
26.2%
5 weeks (Jul - Aug 1994)Reel 2 Real feat. The Mad Stuntman
22.5%
5 weeks (Feb - Mar 1991)Enigma
19.9%
1 week (Mar 1996)Babylon Zoo
19.2%
3 weeks (Jul 1996)Carrapicho
19.2%
1 week (May 1994)East 17
18.5%
3 weeks (Feb 1995)20 Fingers
13.2%
2 weeks (May 1990)The Christians
12.9%
2 weeks (Apr 1992)Ten Sharp
11.9%
7 weeks (Mar - May 1990)Les Vagabonds
11.3%
6 weeks (Aug - Sep 1990)Charles D. Lewis
10.6%
1 week (Jun 1996)Mark Snow
8.6%
1 week (Jan 1992)Jean Philippe Audin & Diego Modena
6.3%
1 week (Feb 1992)Jean Philippe Audin & Diego Modena
6.3%
6 weeks (Aug - Sep 1995)Indiens Sacred Spirit
5.6%
6 weeks (May - Jul 1993)Dire Straits
3.3%
Remove Ads.
Support Sporcle.
Get the best of Sporcle when you Go Orange. This ad-free experience offers more features, more stats, and more fun while also helping to support Sporcle. Thank you for becoming a member.

You're not logged in!

Compare scores with friends on all Sporcle quizzes.
OR
Log In

Show Comments

Extras

Top Quizzes Today


Score Distribution

Your Account Isn't Verified!

In order to create a playlist on Sporcle, you need to verify the email address you used during registration. Go to your Sporcle Settings to finish the process.

Report this User

Report this user for behavior that violates our Community Guidelines.

Details: